Statistics for Logos of Car Manufacturers by Country

Click here to take the quiz!

General Stats

  • This quiz has been taken 56 times
  • The average score is 82 of 126

Answer Stats

QuestionTileSelect% Correct
Japanese car manufactures*No
93%
Japanese car manufactures*No
90%
Japanese car manufactures*No
90%
Japanese car manufactures*Yes
88%
Italian car manufactures*No
88%
Japanese car manufactures*No
85%
German car manufactures*No
83%
German car manufactures*No
83%
Italian car manufactures*Yes
80%
French car manufactures*No
80%
French car manufactures*No
80%
Japanese car manufactures*Yes
80%
German car manufactures*Yes
80%
United States car manufactures*No
80%
Japanese car manufactures*Yes
80%
Japanese car manufactures*Yes
80%
Czech car manufactures**No
78%
French car manufactures*No
78%
Czech car manufactures**No
78%
German car manufactures*Yes
78%
German car manufactures*No
78%
German car manufactures*No
78%
Swedish car manufactures**No
78%
United States car manufactures*No
78%
Czech car manufactures**No
78%
German car manufactures*Yes
76%
German car manufactures*Yes
76%
United States car manufactures*Yes
76%
Swedish car manufactures**No
76%
United Kingdom car manufactures*No
76%
United States car manufactures*Yes
76%
United Kingdom car manufactures*No
76%
French car manufactures*Yes
76%
French car manufactures*No
76%
Italian car manufactures*Yes
76%
German car manufactures*No
76%
Indian car manufactures**No
73%
United States car manufactures*Yes
73%
Japanese car manufactures*Yes
73%
Italian car manufactures*Yes
73%
United Kingdom car manufactures*No
73%
United States car manufactures*Yes
73%
French car manufactures*Yes
73%
French car manufactures*Yes
73%
French car manufactures*No
73%
Japanese car manufactures*Yes
73%
French car manufactures*No
73%
Swedish car manufactures**Yes
73%
Indian car manufactures**No
73%
United States car manufactures*Yes
73%
South Korean car manufactures**No
71%
United Kingdom car manufactures*No
71%
Indian car manufactures**No
71%
South Korean car manufactures**No
71%
South Korean car manufactures**No
71%
Japanese car manufactures*Yes
68%
South Korean car manufactures**No
68%
Swedish car manufactures**No
68%
Japanese car manufactures*Yes
68%
Czech car manufactures**No
68%
United States car manufactures*Yes
68%
United States car manufactures*No
68%
United States car manufactures*No
68%
Turkish car manufactures***No
68%
United States car manufactures*No
68%
United States car manufactures*No
68%
German car manufactures*Yes
68%
Italian car manufactures*Yes
68%
Italian car manufactures*Yes
68%
Turkish car manufactures***No
68%
Chinese car manufactures***No
68%
Chinese car manufactures***No
68%
German car manufactures*No
68%
South Korean car manufactures**No
68%
Swedish car manufactures**No
66%
Chinese car manufactures***No
66%
Turkish car manufactures***No
66%
South Korean car manufactures**Yes
66%
United Kingdom car manufactures*Yes
66%
United Kingdom car manufactures*Yes
66%
United Kingdom car manufactures*Yes
66%
South Korean car manufactures**Yes
63%
German car manufactures*Yes
63%
Czech car manufactures**Yes
61%
Italian car manufactures*No
61%
Chinese car manufactures***Yes
61%
Indian car manufactures**No
61%
Czech car manufactures**No
61%
United Kingdom car manufactures*Yes
61%
Swedish car manufactures**No
61%
Swedish car manufactures**Yes
61%
United Kingdom car manufactures*Yes
59%
United Kingdom car manufactures*Yes
59%
Indian car manufactures**Yes
59%
Turkish car manufactures***No
56%
Italian car manufactures*Yes
56%
Chinese car manufactures***Yes
56%
South Korean car manufactures**No
56%
Indian car manufactures**No
56%
United Kingdom car manufactures*Yes
54%
Italian car manufactures*Yes
54%
United Kingdom car manufactures*Yes
54%
Czech car manufactures**Yes
54%
Turkish car manufactures***Yes
51%
Italian car manufactures*Yes
51%
Czech car manufactures**No
51%
Czech car manufactures**No
49%
French car manufactures*Yes
49%
Turkish car manufactures***Yes
49%
Swedish car manufactures**Yes
46%
Indian car manufactures**No
46%
Turkish car manufactures***Yes
44%
French car manufactures*Yes
44%
Chinese car manufactures***No
41%
South Korean car manufactures**Yes
39%
Italian car manufactures*No
39%
Turkish car manufactures***Yes
37%
Chinese car manufactures***Yes
37%
Chinese car manufactures***Yes
37%
French car manufactures*Yes
37%
Chinese car manufactures***Yes
34%
Swedish car manufactures**Yes
27%
Indian car manufactures**Yes
27%
Italian car manufactures*No
22%
Turkish car manufactures***No
22%
Indian car manufactures**Yes
22%

Score Distribution

Percentile by Number Answered

Percent of People with Each Score

Your Score History

You have not taken this quiz